00935nam a2200253 a 4500001000900000005001700009008004100026041000800067044000700075050001600082245013000098260006100228300002300289500000900312504002900321651005200350651005100402700004800453700003300501902000800534942001100542999001700553952011100570BRL_185620190320211410.0100815s1998----mx-a######---#000-0#spa-# aspa amx 4aF1232b.C5810aLa Ciudad de México más allá del año 2000cArmando Quintero Martínez coordinador ; Manuel Perló Cohen ...[et al.] aMéxicobPartido de la Revolución Democráticac1998 a87 p.bil.c21 cm. aAu11 aBibliografía: p. 86-87 4aMéxico (Ciudad)xPolítica y gobierno915679 4aMéxico (Ciudad)xCondiciones sociales9280591 aQuintero Martínez, Armandoecoord.9280601 aPerló Cohen, Manuel928061 aGRL 2lcccB c10664d10664 00104070aBRLbBRLd2015-08-10iAu11l0oF1232 .C58 (Au11)pGRL02039r2019-03-22 00:00:00w2019-03-22yB